000 00562nam a22001817a 4500
010 _aENG-120709
020 _c150.00
_a9788126025626
035 _aEN-104241
037 _bDBAD/PUB
082 _aN
100 _aChendur, Malati
245 _aHridayanetri :
_cby Malati Chendur; translated by B. Parvathi
_bsahitya akademi award winning telgue novel /
260 _aNew Delhi
_bSahitya Akademi
_c2008
270 _aRabindra Bhavan, 35, Feroze Shah Road,
_bDelhi
_e110001
300 _a227p.
_b23cm(Hb).
700 _aParvathi, B.
942 _2ddc
_cEN
_hN
_mCHE
999 _c144938
_d144938